[Event "Frome Open 2015"]
[Site "Frome ENG"]
[Date "2015.05.17"]
[Round "5.1"]
[White "Turner, Matthew J"]
[Black "Richmond, Jane"]
[Result "1-0"]
[WhiteElo "2478"]
[BlackElo "2086"]
[PlyCount "83"]
[EventDate "2015.05.15"]

1. c4 e5 2. g3 Nc6 3. Bg2 g6 4. Nc3 Bg7 5. e3 d6 6. Nge2 h5 7. h3 Nh6 8. e4 Be6
9. d3 Qd7 10. Nd5 Nd8 11. Bg5 Ng8 12. Qd2 c6 13. Ndc3 f6 14. Be3 f5 15. b3 h4
16. exf5 gxf5 17. d4 Ne7 18. O-O-O Qc7 19. d5 cxd5 20. Nxd5 Nxd5 21. Bxd5 Rc8
22. Nc3 Qa5 23. Kb1 Bxd5 24. Nxd5 Qxd2 25. Bxd2 Nc6 26. g4 Kf7 27. gxf5 Nd4 28.
f6 Bxf6 29. Nxf6 Kxf6 30. Bc3 Ne2 31. Rxd6+ Kf5 32. Kc2 Rcd8 33. Bxe5 Rxd6 34.
Bxd6 Ke4 35. f4 Kf3 36. f5 Ng3 37. Rd1 Rh6 38. Bf8 Ra6 39. Rd7 Nxf5 40. Rxb7
Ke4 41. a4 Rf6 42. Bc5 1-0

[Event "Frome Open 2015"]
[Site "Frome ENG"]
[Date "2015.05.17"]
[Round "5.5"]
[White "Footner, Andrew F"]
[Black "Fallowfield, Jeremy R"]
[Result "0-1"]
[WhiteElo "1941"]
[BlackElo "2053"]
[PlyCount "60"]
[EventDate "2015.05.15"]

1. e4 e6 2. d4 d5 3. Nc3 Bb4 4. Bd2 dxe4 5. Qg4 Nf6 6. Qxg7 Rg8 7. Qh6 Rg6 8.
Qh4 Bxc3 9. Bxc3 Bd7 10. O-O-O Bc6 11. Nh3 Nbd7 12. Bd2 Rg4 13. Qh6 Rg6 14. Qe3
Nb6 15. c4 Qe7 16. Nf4 Rg7 17. Qh3 O-O-O 18. d5 Bd7 19. dxe6 fxe6 20. Qc3 e5
21. Nd5 Nfxd5 22. cxd5 Bg4 23. f3 exf3 24. gxf3 Rxd5 25. b4 Bf5 26. a4 Nxa4 27.
Qb3 Nb6 28. Qa2 Rg6 29. Qxa7 Rc6+ 30. Kb2 Rxd2+ 0-1

[Event "Frome Open 2015"]
[Site "Frome ENG"]
[Date "2015.05.17"]
[Round "5.6"]
[White "Menadue, Jeremy FS"]
[Black "Gower, Sam"]
[Result "1/2-1/2"]
[WhiteElo "2039"]
[BlackElo "1915"]
[PlyCount "43"]
[EventDate "2015.05.15"]

1. d4 Nf6 2. c4 e6 3. Nc3 Bb4 4. Nf3 Nc6 5. Bg5 h6 6. Bh4 d6 7. e3 O-O 8. Be2
Qe7 9. O-O Bxc3 10. bxc3 e5 11. Rb1 Re8 12. Re1 g5 13. Bg3 Ne4 14. Qc2 Nxg3 15.
hxg3 b6 16. Nd2 Bb7 17. g4 Na5 18. Bf3 Qe6 19. Rb4 Rad8 20. Bxb7 Nxb7 21. Qe4
c5 22. d5 1/2-1/2

[Event "Frome Open 2015"]
[Site "Frome ENG"]
[Date "2015.05.17"]
[Round "5.8"]
[White "Headlong, Timothy"]
[Black "McDougall, William M"]
[Result "1/2-1/2"]
[WhiteElo "2161"]
[BlackElo "2023"]
[PlyCount "106"]
[EventDate "2015.05.15"]

1. Nf3 c5 2. c4 Nc6 3. d4 cxd4 4. Nxd4 Nf6 5. Nc3 d6 6. e4 e6 7. Be2 Be7 8. O-O
a6 9. Be3 O-O 10. f3 Bd7 11. Qd2 Nxd4 12. Bxd4 Bc6 13. Rfd1 Qb8 14. a4 a5 15.
Rab1 Nd7 16. b3 Rd8 17. Bf1 Nc5 18. Kh1 b6 19. Qf2 Rd7 20. Qg3 g6 21. Qf2 Qd8
22. Be2 Bf6 23. h3 h5 24. Bd3 Kg7 25. Bc2 Bxd4 26. Qxd4+ Qf6 27. Qxf6+ Kxf6 28.
Rd2 Na6 29. Ne2 Nb4 30. Nd4 g5 31. Kg1 Rg8 32. Re1 Rdd8 33. Kf2 g4 34. hxg4
hxg4 35. Red1 gxf3 36. gxf3 Ke7 37. Bb1 Rh8 38. Rg1 Rh2+ 39. Rg2 Rh1 40. Rg1
Rh2+ 41. Rg2 Rh1 42. Rg1 Rdh8 43. Rxh1 Rxh1 44. Bc2 Bd7 45. Bd1 e5 46. Ne2 f5
47. exf5 Bxf5 48. Kg2 Rh6 49. Nc3 Bh3+ 50. Kg3 Be6 51. Kg2 Rg6+ 52. Kf2 Rh6 53.
Kg2 Rg6+ 1/2-1/2

[Event "Frome Open 2015"]
[Site "Frome ENG"]
[Date "2015.05.17"]
[Round "5.9"]
[White "Slade, Theodore"]
[Black "Girdlestone, Paul C"]
[Result "0-1"]
[WhiteElo "2008"]
[BlackElo "2142"]
[PlyCount "62"]
[EventDate "2015.05.15"]

1. e4 e5 2. Nf3 Nc6 3. Bb5 g6 4. d4 exd4 5. c3 d3 6. Qxd3 Bg7 7. O-O Nge7 8. c4
d6 9. Nc3 O-O 10. Bg5 h6 11. Be3 f5 12. c5 fxe4 13. Qxe4 d5 14. Qh4 Rf5 15.
Bxc6 bxc6 16. Rfe1 g5 17. Qa4 Rxf3 18. gxf3 Qf8 19. f4 Bh3 20. f3 Rd8 21. Bd4
Nf5 22. Bxg7 Qxg7 23. Kf2 Kf8 24. Rg1 Qe7 25. Rae1 Qxc5+ 26. Ke2 Nd4+ 27. Kd1
Nxf3 28. fxg5 hxg5 29. Rgf1 Bxf1 30. Rxf1 Qe3 31. Qg4 Qd2# 0-1

[Event "Frome Open 2015"]
[Site "Frome ENG"]
[Date "2015.05.17"]
[Round "5.11"]
[White "Bartlett, Simon"]
[Black "de Coverly, Roger D"]
[Result "0-1"]
[WhiteElo "1948"]
[BlackElo "1996"]
[PlyCount "68"]
[EventDate "2015.05.15"]

1. e4 e5 2. Nf3 Nc6 3. Bb5 Nf6 4. O-O Nxe4 5. d4 Nd6 6. Bxc6 dxc6 7. dxe5 Nf5
8. Qxd8+ Kxd8 9. h3 Bd7 10. Bf4 Kc8 11. Nbd2 b6 12. Ne4 h6 13. Rad1 c5 14. Bh2
Bc6 15. Nfd2 Be7 16. Ng3 Nh4 17. f3 Kb7 18. Rfe1 Rhe8 19. Nc4 Rad8 20. Ne3 Bg5
21. Ngf5 Nxf5 22. Nxf5 g6 23. f4 gxf5 24. fxg5 hxg5 25. Kf2 Rxd1 26. Rxd1 f4
27. g3 Rxe5 28. gxf4 Rf5 29. Rg1 gxf4 30. Rg4 f3 31. Bf4 Rf6 32. Be3 Re6 33. h4
f5 34. Rg7 f4 0-1